แสดงรายละเอียดบรรณานุกรม
  กลับหน้าหลัก

Brief Record : Get Marc (ISO 2709) : E-mail record : QR code ปิดหน้าต่าง
โรคของระบบน้ำเหลือง Review โดย
ใช้งานได้ทุกระบบ
ห้องสมุด วพบ.ขอนแก่น
ใช้งานได้ทุกระบบ เมื่อ8/เมษายน/2559
สารบัญ
  • รู้จัก เข้าใจระบบน้ำเหลือง
  • ต่อมน้ำเหลืองแต่ละแห่งบวมโต เป็นโรคอะไรบ้าง
  • มะเร็งที่ม้าม
  • มะเร็งไทมัส
  • ต่อมทอนซิลอักเสบบ่อย/การตัดต่อมทอนซิล
  • มะเร็งทอนซิล
  • มะเร็งต่อมน้ำเหลืองเป็นอย่างไร
  • ชนิดของมะเร็งต่อมน้ำเหลือง
  • อาการของมะเร็งต่อมน้ำเหลือง
  • การตรวจวินิจฉัยมะเร็งต่อมน้ำเหลือง
  • แนวทางการรักษามะเร็งต่อมน้ำเหลือง
  • แนวทางการรักษามะเร็งชนิดฮอดจ์กิน
  • ผลข้างเคียงจากการรักษามะเร็งและวิธีแก้
  • เคล็ดวิธีป้องกันมะเร็งต่อมน้ำเหลือง
  • หย่อนสมรรถภาพทางเพศ
  • โรคบวมน้ำเหลือง
  • ตัวอย่างผู้ป่วยบวมน้ำเหลือง
  • ต่อมน้ำเหลืองอักเสบ
  • รู้จักบางโรคที่มีต่อมน้ำเหลืองอักเสบ
  • วัณโรคต่อมน้ำเหลือง
  • การรักษาผู้ป่วยที่เสี่ยงต่อการดื้อยาหลายขนาน
  • การใช้เข็มเจาะตัดและเข็มเจาะดูดเซลล์

E-books : เกี่ยวกับ Collections
LEADER 00000nam 2200000uu 4500
001    210610
003     ULIBM
008    020711s2557 th a 000 0 tha d
020    978-616-344-510-0
060    WH700 ณ342ร 2557
100    ณัฐภัทร วัฒวรากุล
245    โรคของระบบน้ำเหลือง/^cณัฐภัทร วัฒวรากุล
260    กรุงเทพฯ :^bFeel good Pub.,^c2557
300    238 หน้า :^bภาพประกอบ ;^c21 ซม.
650    ต่อมน้ำเหลือง,เนื้องอก
650  0 ต่อมน้เหลือง,โรค
650  0 Lymphatic disease
650  0 Lymphatic system
999    ^aใช้งานได้ทุกระบบ
รายการนี้ยังไม่มีแท็ก
คุณยังไม่ได้ล็อกอิน คุณสามารถมีกิจกรรมร่วมกับเว็บไซต์ได้ แต่ต้องล็อกอินก่อน ::
  ล็อกอิน
ลำดับที่ ประเภท เลขเรียก สถานที่ สถานะ
1. หนังสือทั่วไป
หนังสือทั่วไป
WH700 ณ342ร 2557 ฉ.1 
  
หนังสือทั่วไป On Shelf
  ขอยืม
2. หนังสือทั่วไป
หนังสือทั่วไป
WH700 ณ342ร 2557 ฉ.2 
  
หนังสือทั่วไป On Shelf
  ขอยืม
3. หนังสือทั่วไป
หนังสือทั่วไป
สถานะ=หนังสือเก่า - บริการ ณ ห้องสมุด (ห้องเหลือง)
WH700 ณ342ร 2557 ฉ.3 
  
ห้องสมุด หอพักนักศึกษา (ห้องเหลือง) On Shelf
  ขอยืม
4. หนังสือทั่วไป
หนังสือทั่วไป
สถานะ=หนังสือเก่า - บริการ ณ ห้องสมุด (ห้องเหลือง)
WH700 ณ342ร 2557 ฉ.4 
  
ห้องสมุด หอพักนักศึกษา (ห้องเหลือง) On Shelf
  ขอยืม
5. หนังสือทั่วไป
หนังสือทั่วไป
สถานะ=หนังสือเก่า - บริการ ณ ห้องสมุด (ห้องเหลือง)
WH700 ณ342ร 2557 ฉ.5 
  
ห้องสมุด หอพักนักศึกษา (ห้องเหลือง) On Shelf
  ขอยืม
   [แสดง 5/5 รายการ]

รายการใกล้เคียง
    หัวเรื่อง [Lymphatic disease]
    หัวเรื่อง [Lymphatic system]

BibComment


ยังไม่เคยถูกคอมเมนท์

คอมเมนท์ทรัพยากรรายการนี้
  คอมเมนท์: โรคของระบบน้ำเหลื..
Bib 210610

 
 
 

 Union Library Management : ULibM
Copyright 2026. All Rights Reserved.
скачать бесплатно без регистрации порно красивый секс HD Sex Hindi sex

xxx gou

xxxx

bfxxx

xxxwww

Секса Видео

xxxx

Секса Видео

detube

geilexxx

C99 Shell

worms shell

blod xxx video
Ebony Coed Rihanna Rimes Takes A Dick In Her Young Twat priyaa indian fuck anal and pusssy hardcore indian women xxx desi hardcore fucking part 1 bengalixxxcouple